club de Bundesliga 2 - Statistiques

Statistiques générales
  • Ce quiz a été pris 26 fois
  • Le résultat moyen est 11 sur 18
Statistiques - réponses
Par images Réponse % Correct
Schalke 04
100%
Hambourg SV
96%
Hanovre 96
96%
Hertha Berlin
96%
1.FC Nuremberg
91%
FC Sankt Pauli
83%
1.FC Kaiserslautern
78%
Fortuna Düsseldorf
74%
Karlsruhe SC
61%
SC Paderborn 07
61%
FC Hansa Rostock
57%
Greuther Fürth
57%
1.FC Magdebourg
35%
Eintracht Brunswick
35%
Holstein Kiel
35%
SV Wehen Wiesbaden
30%
VFL Onsabruck
26%
SV Elversberg
22%
Aucun quiz correspondant
Distribution des résultats
% des personnes avec chaque résultat
Percentile par nombre de réponses
Votre historique - résultats
Vous n’avez pas pris ce quiz